[Event "56th World U20 ch"]
[Site "Tarvisio ITA"]
[Date "2017.11.13"]
[Round "1.27"]
[White "Harutiunian, Tigran"]
[Black "Nie Xinyang"]
[Result "1/2-1/2"]
[WhiteElo "2508"]
[BlackElo "2288"]
[EventDate "2017.11.13"]
[PlyCount "90"]

1.d4 d5 2.c4 c6 3.Nf3 Nf6 4.e3 Bf5 5.Nc3 e6 6.Nh4 Bg6 7.Qb3 Qb6 8.Nxg6 
hxg6 9.g3 Nbd7 10.Bg2 Be7 11.O-O O-O 12.Rd1 Qb4 13.Qxb4 Bxb4 14.cxd5 cxd5 
15.Bd2 Be7 16.f3 Nb6 17.b3 Rfc8 18.a3 a6 19.Bf1 Rc6 20.Bd3 Rac8 21.Ne2 
Nbd7 22.Kf2 Rb6 23.Rdc1 Rxc1 24.Nxc1 e5 25.dxe5 Nxe5 26.Be2 Rc6 27.Ra2 g5 
28.h3 Bc5 29.Nd3 Nxd3+ 30.Bxd3 Nd7 31.Bf5 Ne5 32.Bc3 Bd6 33.Bxe5 Bxe5 34.
Rd2 Rd6 35.f4 gxf4 36.gxf4 Bc3 37.Rd3 d4 38.Kf3 a5 39.exd4 Bxd4 40.b4 axb4
41.axb4 Rd8 42.b5 Bf6 43.Rxd8+ Bxd8 44.Ke4 b6 45.Kd5 Be7 1/2-1/2

[Event "56th World U20 ch"]
[Site "Tarvisio ITA"]
[Date "2017.11.13"]
[Round "1.28"]
[White "Silva, David"]
[Black "Triapishko, Alexander"]
[Result "0-1"]
[WhiteElo "2285"]
[BlackElo "2508"]
[EventDate "2017.11.13"]
[PlyCount "108"]

1.Nf3 d5 2.g3 Bg4 3.Bg2 Nd7 4.O-O c6 5.d3 e6 6.Nbd2 Bd6 7.e4 Ne7 8.h3 Bh5 
9.a4 O-O 10.Qe1 e5 11.Nh4 Qc7 12.a5 f6 13.Ndf3 Bf7 14.Nh2 Rfe8 15.Ng4 dxe4
16.Qxe4 Nc5 17.Qe2 Rad8 18.Ne3 Kh8 19.b4 Ne6 20.c3 Nd5 21.Nxd5 cxd5 22.Bd2
Qd7 23.Nf5 Nf4 24.Qg4 Bh5 25.Qxg7+ Qxg7 26.Nxg7 Ne2+ 27.Kh1 Kxg7 28.Rfe1 
d4 29.g4 dxc3 30.Be3 Nd4 31.gxh5 Nc2 32.Rg1 Nxa1 33.Bc6+ Kf8 34.Bxe8 Kxe8 
35.Rxa1 Bxb4 36.Ra4 Be7 37.Rc4 Rxd3 38.Kg2 Bd8 39.a6 bxa6 40.Bxa7 f5 41.
Bb8 Bf6 42.Rc5 Be7 43.Rc4 e4 44.Be5 Rd5 45.Bd4 Ba3 46.Be3 Rd3 47.h6 a5 48.
Rc7 $11 Bd6 49.Rc4 Kd7 50.Bb6 a4 51.Rxa4 Kc6 52.Be3 f4 53.Bxf4 Bxf4 54.
Rxe4 Bd6 0-1

[Event "56th World U20 ch"]
[Site "Tarvisio ITA"]
[Date "2017.11.13"]
[Round "1.29"]
[White "Moroni, Luca jr"]
[Black "Tahay, Alexis"]
[Result "1-0"]
[WhiteElo "2506"]
[BlackElo "2285"]
[EventDate "2017.11.13"]
[PlyCount "89"]

1.d4 Nf6 2.Bf4 c5 3.e3 d5 4.Nf3 Nc6 5.Nbd2 cxd4 6.exd4 Bf5 7.c3 e6 8.Qb3 
Bd6 9.Qxb7 Bxf4 10.Qxc6+ Kf8 11.Be2 g6 12.Nb3 Kg7 13.O-O Ne4 14.Nc1 g5 15.
Nd3 Bd6 16.Nfe5 f6 17.Ng4 Nd2 18.Rfe1 Nc4 19.Nc5 Rc8 20.Qa6 h5 21.Bxc4 
hxg4 22.Bd3 Bxh2+ 23.Kf1 Qb6 24.Nxe6+ Bxe6 25.Qxb6 axb6 26.Rxe6 Bf4 27.
Rae1 Rh1+ 28.Ke2 Rxe1+ 29.Kxe1 g3 30.Rxb6 g4 31.Bf5 Re8+ 32.Re6 gxf2+ 33.
Kxf2 Rb8 34.b3 Ra8 35.a4 Bd2 36.Rc6 Kh6 37.Bxg4 Kg5 38.Be6 Re8 39.a5 f5 
40.b4 Kf4 41.a6 Re7 42.b5 Rg7 43.Bxd5 Re7 44.Be6 Rg7 45.b6 1-0

[Event "56th World U20 ch"]
[Site "Tarvisio ITA"]
[Date "2017.11.13"]
[Round "1.30"]
[White "Micottis, Dorian"]
[Black "Lomasov, Semen"]
[Result "0-1"]
[WhiteElo "2273"]
[BlackElo "2490"]
[EventDate "2017.11.13"]
[PlyCount "86"]

1.e4 e6 2.d4 d5 3.Nc3 Nf6 4.Bg5 dxe4 5.Nxe4 Be7 6.Bxf6 gxf6 7.Nf3 f5 8.Nc3
a6 9.Qd2 b5 10.O-O-O Qd6 11.Kb1 Nd7 12.g3 Bb7 13.Bg2 Nb6 14.Rhg1 Nc4 15.
Qc1 O-O-O 16.Ne2 Bf6 17.c3 c5 18.dxc5 Qxc5 19.Nfd4 Bxg2 20.Rxg2 Rd7 21.f4 
Rhd8 22.Rgg1 Qd5 23.Ka1 Kb7 24.Rde1 Nd6 25.Nb3 Ne4 26.Qe3 Rc8 27.Kb1 Bd8 
28.Rd1 Qxd1+ 29.Rxd1 Rxd1+ 30.Kc2 Rd5 31.Nbd4 b4 32.Kb1 Bb6 33.Qd3 bxc3 
34.bxc3 Bxd4 35.cxd4 Rb5+ 36.Ka1 h5 37.a3 Kb6 38.Ka2 a5 39.d5 Rxd5 40.Qe3+
Ka6 41.Nd4 Rc4 42.Nb3 a4 43.Na1 Nc3+ 0-1

[Event "56th World U20 ch"]
[Site "Tarvisio ITA"]
[Date "2017.11.13"]
[Round "1.31"]
[White "Gholami, Aryan"]
[Black "Favaloro, Andrea"]
[Result "1-0"]
[WhiteElo "2483"]
[BlackElo "2260"]
[EventDate "2017.11.13"]
[PlyCount "113"]

1.d4 d5 2.Nf3 Nf6 3.Bf4 Bf5 4.e3 e6 5.Be2 Bd6 6.Ne5 h6 7.O-O O-O 8.c4 dxc4
9.Bxc4 Nbd7 10.Nc3 Nb6 11.Bb3 Nbd5 12.Bxd5 exd5 13.Qb3 Rb8 14.Nb5 a6 15.
Nxd6 cxd6 16.Nd3 Qd7 17.h3 Rbc8 18.Nb4 Be6 19.Rac1 Rc4 20.Qa3 Rfc8 21.b3 
Rxc1 22.Rxc1 Rxc1+ 23.Qxc1 a5 24.Nd3 Bf5 25.Nb2 b5 26.f3 g5 27.Bg3 Kg7 28.
a3 Nh5 29.Be1 Bxh3 30.gxh3 Qxh3 31.Qd1 Ng3 32.Bxg3 Qxg3+ 33.Kf1 g4 34.Nd3 
Qh3+ 35.Ke1 Qh1+ 36.Kd2 Qg2+ 37.Qe2 gxf3 38.Qf2 h5 39.Ke1 Qg6 40.Qf1 h4 
41.Nf4 Qb1+ 42.Kf2 Qxb3 43.Qg1+ Kf6 44.Kxf3 b4 45.axb4 a4 46.Kg4 a3 47.
Kxh4 Ke7 48.Qg5+ Kd7 49.Qf5+ Kc6 50.Qc8+ Kb5 51.Qb7+ Kc4 52.Qc6+ Kxb4 53.
Nxd5+ Ka5 54.Kg5 a2 55.Qa8+ Kb5 56.Qxa2 Qd3 57.Qa6+ 1-0

[Event "56th World U20 ch"]
[Site "Tarvisio ITA"]
[Date "2017.11.13"]
[Round "1.32"]
[White "Milosevic, Milos"]
[Black "Sorokin, Alexei"]
[Result "0-1"]
[WhiteElo "2249"]
[BlackElo "2483"]
[EventDate "2017.11.13"]
[PlyCount "68"]

1.e4 c5 2.Nf3 d6 3.Bb5+ Nd7 4.c4 Nf6 5.Nc3 g6 6.O-O Bg7 7.d3 O-O 8.h3 Nb6 
9.Be3 a6 10.Ba4 Nxa4 11.Qxa4 Rb8 12.Qb3 b5 13.d4 Be6 14.d5 Bd7 15.Nd2 bxc4
16.Qc2 Qc7 17.Nxc4 Bb5 18.Nxb5 axb5 19.Nd2 Nd7 20.Rac1 b4 21.f4 Ra8 22.Qb3
Ra6 23.Qxb4 Rxa2 24.b3 Bb2 25.Rc2 Bd4 26.Qxd4 Rxc2 27.Qd3 Ra2 28.f5 Ne5 
29.Qe2 Rfa8 30.Qe1 Qa5 31.Bh6 Qc3 32.f6 exf6 33.Qh4 g5 34.Qf2 Qxd2 0-1

[Event "56th World U20 ch"]
[Site "Tarvisio ITA"]
[Date "2017.11.13"]
[Round "1.33"]
[White "Gagare, Shardul"]
[Black "Tasdogen, Dincer"]
[Result "1/2-1/2"]
[WhiteElo "2482"]
[BlackElo "2235"]
[EventDate "2017.11.13"]
[PlyCount "188"]

1.d4 Nf6 2.c4 e6 3.Nf3 Bb4+ 4.Nbd2 O-O 5.a3 Be7 6.e4 d6 7.Qc2 Nbd7 8.Be2 
e5 9.O-O exd4 10.Nxd4 Re8 11.b3 Bf8 12.Bb2 c6 13.b4 a5 14.Bc3 axb4 15.axb4
Rxa1 16.Rxa1 Qb6 17.Ra8 Ne5 18.h3 Bd7 19.Rxe8 Nxe8 20.N4b3 Ng6 21.Bf1 Be7 
22.c5 dxc5 23.Nc4 Qc7 24.bxc5 Be6 25.g3 Bxc4 26.Bxc4 Bf6 27.Bd2 Qd7 28.Kg2
Nc7 29.f4 Nf8 30.Be3 Nb5 31.Qd3 Qxd3 32.Bxd3 Ne6 33.Na5 Bd4 34.Bxd4 Nbxd4 
35.Nxb7 Nb3 36.Kf3 Nbxc5 37.Nxc5 Nxc5 38.Bc4 Kf8 39.Ke3 Ke7 40.Kd4 Nd7 41.
e5 f6 42.Bg8 fxe5+ 43.fxe5 Nf8 44.h4 h6 45.Bb3 Ne6+ 46.Kc4 Nf8 47.Kd3 Nd7 
48.Kd4 Nf8 49.Ke4 Ne6 50.Bc4 g6 51.Ke3 Nc5 52.Kf3 Nd7 53.Kf4 Nc5 54.Ke3 
Nd7 55.Kd4 Nf8 56.Bd3 Ne6+ 57.Ke3 Nf8 58.Bc2 Nd7 59.Kd4 Nf8 60.Be4 Kd7 61.
Bf3 Ne6+ 62.Kc4 Nf8 63.Bg4+ Ke7 64.Kc5 Nd7+ 65.Kd4 Nf8 66.Bf3 Kd7 67.h5 
gxh5 68.Bxh5 Ke7 69.Ke4 Ne6 70.Bd1 Ng7 71.Bg4 Ne6 72.Kf5 Nd4+ 73.Kf4 Ne6+ 
74.Ke4 Nc5+ 75.Kf5 Nd7 76.Bf3 c5 77.Ke4 c4 78.Kd4 c3 79.Bd1 Ke6 80.Bb3+ 
Ke7 81.Ba4 Nb6 82.Bb3 Nd7 83.g4 Ke8 84.Ba4 Ke7 85.Bb3 Ke8 86.Bc2 Ke7 87.
Kd5 Nb6+ 88.Kd4 Nd7 89.Bf5 Kd8 90.Bc2 Ke7 91.Kd5 Nb6+ 92.Ke4 Nc4 93.Kd4 
Na3 94.Kxc3 Nxc2 1/2-1/2

[Event "56th World U20 ch"]
[Site "Tarvisio ITA"]
[Date "2017.11.13"]
[Round "1.34"]
[White "Pavic, Filip"]
[Black "Li Di"]
[Result "1-0"]
[WhiteElo "2228"]
[BlackElo "2479"]
[EventDate "2017.11.13"]
[PlyCount "55"]

1.e4 e6 2.d4 d5 3.Nc3 dxe4 4.Nxe4 Bd7 5.Nf3 Bc6 6.Bd3 Nd7 7.c3 Be7 8.Qe2 
Ngf6 9.Nxf6+ Bxf6 10.Be4 Bxe4 11.Qxe4 c6 12.Bf4 Qa5 13.O-O Be7 14.Ne5 Nf6 
15.Qe2 O-O 16.Rfe1 Rad8 17.Nc4 Qf5 18.Qe5 Qd3 19.Qe2 Qf5 20.Qe5 Qg6 21.Bg3
Nd5 22.Qe2 Qf5 23.Qe5 Qd3 24.Qe2 Qxe2 25.Rxe2 h5 26.Ne3 c5 27.Nxd5 cxd4 
28.Nxe7+ 1-0

[Event "56th World U20 ch"]
[Site "Tarvisio ITA"]
[Date "2017.11.13"]
[Round "1.35"]
[White "Salomon, Johan"]
[Black "Peng Hongchi"]
[Result "1-0"]
[WhiteElo "2476"]
[BlackElo "2223"]
[EventDate "2017.11.13"]
[PlyCount "40"]

1.Nf3 Nf6 2.g3 g6 3.Bg2 Bg7 4.O-O O-O 5.d4 d6 6.b3 c5 7.c4 cxd4 8.Nxd4 Nc6
9.Bb2 Qb6 10.e3 Bd7 11.Nc3 Rac8 12.Qd2 a6 13.Nde2 Qa5 14.Rfd1 Rfd8 15.Na4 
Qc7 16.Rac1 b5 17.cxb5 axb5 18.Bxf6 Bxf6 19.Nac3 Bxc3 20.Nxc3 b4 {.. 33 
moves} 1-0

[Event "56th World U20 ch"]
[Site "Tarvisio ITA"]
[Date "2017.11.13"]
[Round "1.36"]
[White "Taalaibekov, Tagir"]
[Black "Van Foreest, Lucas"]
[Result "0-1"]
[WhiteElo "2219"]
[BlackElo "2474"]
[EventDate "2017.11.13"]
[PlyCount "56"]

1.d4 Nf6 2.Nf3 e6 3.Bf4 d5 4.e3 c5 5.Nbd2 Nc6 6.c3 Bd6 7.Bg3 O-O 8.Bb5 Be7
9.Bd3 b6 10.Qe2 Bb7 11.h3 Bd6 12.Ne5 Qc7 13.f4 Ne7 14.Qf3 Nf5 15.Bf2 Be7 
16.Ng4 Ne8 17.O-O g6 18.dxc5 Bxc5 19.e4 dxe4 20.Bxe4 Rd8 21.Bxb7 Rxd2 22.
Qc6 Qb8 23.Bxc5 bxc5 24.Rf2 Rxf2 25.Nxf2 Ned6 26.Ba6 Qxb2 27.Rd1 Qa3 28.
Bf1 Rc8 {...} 0-1

[Event "56th World U20 ch"]
[Site "Tarvisio ITA"]
[Date "2017.11.13"]
[Round "1.37"]
[White "Zanan, Evgeny"]
[Black "Tuomainen, Felix"]
[Result "1-0"]
[WhiteElo "2471"]
[BlackElo "2214"]
[EventDate "2017.11.13"]
[PlyCount "182"]

1.d4 d5 2.Nf3 Nf6 3.Bf4 c5 4.e3 Nc6 5.Nbd2 e6 6.c3 Bd6 7.Bg3 O-O 8.Bb5 Be7
9.dxc5 Bxc5 10.Bd3 Re8 11.Bh4 Be7 12.Qc2 h6 13.Bg3 Nd7 14.O-O Bf6 15.Rad1 
Nde5 16.Nxe5 Nxe5 17.Be2 Qb6 18.e4 Bd7 19.exd5 exd5 20.Nb3 Bc6 21.Nd4 Rad8
22.Rfe1 Nc4 23.Nxc6 bxc6 24.Bxc4 dxc4 25.h3 Qa5 26.Bf4 Qb5 27.Rxd8 Rxd8 
28.Qe2 Qc5 29.Bc7 Rc8 30.Qg4 Ra8 31.Re4 Qb5 32.Qe2 Rc8 33.Bf4 Rd8 34.Rxc4 
Qd5 35.Kh2 Qf5 36.Re4 Bg5 37.Bxg5 hxg5 38.g3 g6 39.Kg2 Kg7 40.a4 Rd2 41.
Qxd2 Qxe4+ 42.Kh2 Qxa4 43.Qxg5 Qc2 44.Qe5+ Kg8 45.Kg2 Qxb2 46.Qa5 Qb7 47.
Qd8+ Kg7 48.Qd4+ Kg8 49.Qf6 c5+ 50.Kh2 Qd5 51.h4 Kh7 52.Qg5 Qc4 53.Qe5 Kg8
54.Kg2 Kh7 55.h5 gxh5 56.Qxh5+ Kg7 57.Qg5+ Kf8 58.Qe5 Kg8 59.Kh2 Kh7 60.
Kg1 Kg8 61.Kg2 Kh7 62.Kf3 Qd3+ 63.Kg4 Qg6+ 64.Kf4 Qh6+ 65.Kf3 Qh1+ 66.Kg4 
Qc6 67.Qf5+ Kg7 68.c4 Kf8 69.f4 Qd6 70.Kg5 Qd4 71.Qc8+ Kg7 72.Qa6 Qc3 73.
Kh4 Qd4 74.Kh5 Qd1+ 75.g4 Qh1+ 76.Kg5 Qe4 77.Qf6+ Kg8 78.Qc3 Qd4 79.Qc1 
Kg7 80.f5 Qd8+ 81.Kf4 Qd4+ 82.Kg3 Qd3+ 83.Kh4 Qd4 84.Kh5 Kf8 85.Qh6+ Ke7 
86.Qc6 Qe5 87.Qb7+ Ke8 88.Qf3 Qg7 89.g5 Qe5 90.Kh4 Qh2+ 91.Qh3 Qf4+ {...} 
1-0

[Event "56th World U20 ch"]
[Site "Tarvisio ITA"]
[Date "2017.11.13"]
[Round "1.38"]
[White "Sesar, Ivan"]
[Black "Basso, Pierluigi"]
[Result "0-1"]
[WhiteElo "2207"]
[BlackElo "2470"]
[EventDate "2017.11.13"]
[PlyCount "118"]

1.c4 c6 2.d4 d5 3.cxd5 cxd5 4.Nc3 Nf6 5.Bf4 Nc6 6.Nf3 e6 7.e3 Bd6 8.Bxd6 
Qxd6 9.Be2 O-O 10.O-O Nd7 11.Qd2 Nb6 12.Rac1 Bd7 13.Rfd1 Rfd8 14.Bd3 Be8 
15.Ne2 Nb4 16.b3 Nxd3 17.Qxd3 f6 18.Ng3 Rac8 19.Qd2 Qa3 20.Ne1 Bg6 21.Ne2 
Nd7 22.Rxc8 Rxc8 23.Rc1 Rxc1 24.Nxc1 Kf7 25.Ned3 Ke7 26.Qb4+ Qxb4 27.Nxb4 
Kd6 28.Kf1 e5 29.Ke1 Nf8 30.Kd2 Ne6 31.Ne2 a5 32.Nd3 e4 33.Ndf4 Nf8 34.Ng3
Kc6 35.Nge2 Bf7 36.Nc3 g5 37.Nfe2 Ng6 38.Ke1 Nh4 39.Kf1 Be6 40.Ng1 b6 41.
a3 Bc8 42.f3 exf3 43.Nxf3 Nf5 44.Kf2 Nd6 45.Nd2 Bf5 46.Kf3 Bc2 47.g4 h6 
48.Kg3 Bg6 49.h4 h5 50.hxg5 fxg5 51.Nf3 h4+ 52.Kh3 Nf7 53.Kh2 Bd3 54.Kg1 
Be4 55.Nh2 Nd6 56.Kf2 Nb5 57.Ne2 Nxa3 58.Nf3 Bxf3 59.Kxf3 Nb1 0-1

[Event "56th World U20 ch"]
[Site "Tarvisio ITA"]
[Date "2017.11.13"]
[Round "1.39"]
[White "Jarmula, Lukasz"]
[Black "Signorelli, Gaetano"]
[Result "0-1"]
[WhiteElo "2470"]
[BlackElo "2193"]
[EventDate "2017.11.13"]
[PlyCount "126"]

1.d4 d5 2.c4 Nc6 3.Nf3 Bg4 4.cxd5 Bxf3 5.gxf3 Qxd5 6.e3 e5 7.Nc3 Bb4 8.Bd2
Bxc3 9.bxc3 Qd6 10.Qb1 Nge7 11.Qxb7 Rb8 12.Qa6 O-O 13.Bc4 Rb6 14.Qa4 Qf6 
15.Qd1 Nf5 16.d5 Nce7 17.Be2 Nh4 18.c4 Qg6 19.Ba5 Rb7 20.Bc3 Rfb8 21.Kd2 
Qd6 22.Qa4 c6 23.Rac1 Nhg6 24.Bd3 cxd5 25.c5 Qe6 26.Rb1 d4 27.exd4 exd4 
28.Bxd4 Nc6 29.Rxb7 Rxb7 30.Bc3 Qd5 31.Qc4 Qxf3 32.Re1 Re7 33.Rxe7 Ngxe7 
34.Qh4 Ng6 35.Qg3 Qd5 36.Qd6 Qxa2+ 37.Kc1 Qe6 38.f4 Qxd6 39.cxd6 Nxf4 40.
Bb5 Nd8 41.Bc4 Nfe6 42.d7 f5 43.Ba5 Kf7 44.Bxe6+ Nxe6 45.d8=Q Nxd8 46.Bxd8
Ke6 47.Ba5 Kd7 48.Kd2 Kc6 49.Ke3 Kb5 50.Bd8 a5 51.Kd3 $11 Kb4 52.h4 a4 53.
h5 a3 54.Kc2 a2 55.Kb2 f4 56.Kxa2 f3 57.Bh4 Kc3 58.Ka3 g5 59.hxg6 hxg6 60.
Ka4 Kd3 61.Kb4 Ke2 62.Kc3 f2 63.Bxf2 Kxf2 0-1

[Event "56th World U20 ch"]
[Site "Tarvisio ITA"]
[Date "2017.11.13"]
[Round "1.40"]
[White "Pang Tao"]
[Black "Livaic, Leon"]
[Result "1-0"]
[WhiteElo "2192"]
[BlackElo "2470"]
[EventDate "2017.11.13"]
[PlyCount "225"]

1.Nf3 b6 2.e4 Bb7 3.Nc3 e6 4.d4 Bb4 5.Bd3 Nf6 6.Bg5 h6 7.Bxf6 Qxf6 8.O-O 
Bxc3 9.bxc3 O-O 10.Nd2 d6 11.f4 Nd7 12.Qg4 Qe7 13.Rae1 Rad8 14.e5 Rfe8 15.
Nc4 f5 16.exd6 cxd6 17.Qh3 Qf8 18.Ne3 Nf6 19.c4 g6 20.d5 exd5 21.cxd5 Qg7 
22.Bxf5 gxf5 23.Nxf5 Rxe1 24.Nxg7 Rxf1+ 25.Kxf1 Kxg7 26.Qg3+ Kf7 27.f5 
Bxd5 28.Qg6+ Ke7 29.Qg7+ Bf7 30.Qxh6 Bc4+ 31.Ke1 Rg8 32.g3 Kf7 33.Qf4 Re8+
34.Kd1 d5 35.a3 b5 36.Kc1 Re4 37.Qc7+ Re7 38.Qd6 Re1+ 39.Kb2 Re2 40.g4 Ne8
41.Qg6+ Kf8 42.Qh6+ Kg8 43.Kc3 d4+ 44.Kxd4 Rxc2 45.h4 Bf7 46.g5 Ng7 47.Qf6
Rd2+ 48.Ke4 Re2+ 49.Kd3 Re8 50.Kd2 Bc4 51.h5 Rf8 52.Qg6 Bf7 53.Qa6 Rd8+ 
54.Kc3 Nxh5 55.g6 Bc4 56.Qxa7 Nf6 57.Kb2 Rf8 58.Qe7 Bd5 59.Qe5 Be4 60.Qxb5
Kg7 61.Qe5 Kg8 62.a4 Kg7 63.a5 Kg8 64.a6 Kg7 65.a7 Kg8 66.Ka3 Ba8 67.Qe7 
Be4 68.Qe5 Ba8 69.Kb2 Be4 70.Qe6+ Kg7 71.Qe7+ Kg8 72.g7 Rf7 73.Qxe4 Rxa7 
74.Qc6 Kxg7 75.Qg2+ Kf8 76.Kc3 Rf7 77.Kd4 Ne8 78.Ke5 Re7+ 79.Kf4 Rf7 80.
Qa8 Rf6 81.Kg5 Rf7 82.Qd8 Rg7+ 83.Kf4 Rf7 84.Qc8 Rc7 85.Qe6 Rf7 86.Kg5 
Rg7+ 87.Kh6 Rf7 88.Qc8 Rf6+ 89.Kg5 Rf7 90.Kf4 Rc7 91.Qd8 Rf7 92.Qb8 Rf6 
93.Qb4+ Kf7 94.Qb3+ Kf8 95.Qa3+ Kf7 96.Kg5 Rd6 97.Qa7+ Kf8 98.Qh7 Ra6 99.
Qb7 Rd6 100.Qa7 Rc6 101.Qa3+ Kf7 102.Qb3+ Kf8 103.Qb4+ Kf7 104.Qb7+ Rc7 
105.Qd5+ Kf8 106.Qe5 Rg7+ 107.Kh6 Rf7 108.Qh8+ Ke7 109.Kg5 Rg7+ 110.Kf4 
Rf7 111.Ke5 Rf8 112.Qh4+ Rf6 113.Qg5 1-0

[Event "56th World U20 ch"]
[Site "Tarvisio ITA"]
[Date "2017.11.13"]
[Round "1.41"]
[White "Sosa, Tomas"]
[Black "Sezdbekov, Ruslan"]
[Result "1-0"]
[WhiteElo "2469"]
[BlackElo "2188"]
[EventDate "2017.11.13"]
[PlyCount "61"]

1.e4 e5 2.Nf3 Nf6 3.d4 exd4 4.e5 Ne4 5.Qxd4 d5 6.exd6 Nxd6 7.Nc3 a6 8.Bg5 
f6 9.Bf4 Nc6 10.Qa4 Be6 11.Nd4 Bd7 12.O-O-O Ne5 13.Qb3 Qc8 14.Be2 c6 15.
Rhe1 Be7 16.Bh5+ g6 17.Bxe5 fxe5 18.Rxe5 Nf7 19.Re2 Kf8 20.Bf3 Bg5+ 21.Kb1
Kg7 22.Ne4 Re8 23.Nc5 Ne5 24.Nxd7 Qxd7 25.Rxe5 Rxe5 26.Nxc6 Qxd1+ 27.Bxd1 
Rb5 28.Nb4 Rd8 29.Bf3 Re5 30.a3 Rd7 31.Nd5 1-0

[Event "56th World U20 ch"]
[Site "Tarvisio ITA"]
[Date "2017.11.13"]
[Round "1.42"]
[White "Pangilinan, Stephen Rome"]
[Black "Christiansen, Johan-Sebastian"]
[Result "1/2-1/2"]
[WhiteElo "2183"]
[BlackElo "2468"]
[EventDate "2017.11.13"]
[PlyCount "120"]

1.e4 e6 2.d4 d5 3.Nd2 Be7 4.e5 c5 5.c3 Nc6 6.Ngf3 cxd4 7.cxd4 Qb6 8.Nb3 a5
9.a4 Bb4+ 10.Bd2 Bxd2+ 11.Nfxd2 Nge7 12.Qg4 Nf5 13.Bb5 O-O 14.Bxc6 Qxc6 
15.O-O b6 16.Qh5 Qe8 17.g4 Ne7 18.Rfc1 Ng6 19.Qg5 Bd7 20.h4 h6 21.Qe3 Nxh4
22.f4 Qe7 23.Rc7 Rfc8 24.Rb7 Qd8 25.Rxd7 Qxd7 26.Qf2 Qe7 27.Nf1 Ng6 28.f5 
exf5 29.gxf5 Qg5+ 30.Kh1 Qh4+ 31.Qxh4 Nxh4 32.Ne3 Rab8 33.Rf1 b5 34.Nc5 
bxa4 35.Nxd5 Kh8 36.Nxa4 Rb4 37.Nxb4 axb4 38.d5 g6 39.e6 Nxf5 40.Rxf5 gxf5
41.e7 Kg7 42.Nb6 Re8 43.d6 Kf6 44.d7 Kxe7 45.dxe8=Q+ Kxe8 46.Kg2 Ke7 47.
Nd5+ Kd6 48.Ne3 Ke5 49.Kf3 h5 50.Nc2 h4 51.Nxb4 Kd4 52.Na2 Kc4 53.Nc1 Kb4 
54.Kf4 Kc4 55.Kf3 Kb4 56.Nd3+ Kc4 57.b4 Kb5 58.Kf4 Kc4 59.Kf3 h3 60.b5 
Kxb5 1/2-1/2

[Event "56th World U20 ch"]
[Site "Tarvisio ITA"]
[Date "2017.11.13"]
[Round "1.43"]
[White "Morozov, Nichita"]
[Black "Li, Henry"]
[Result "1-0"]
[WhiteElo "2467"]
[BlackElo "2168"]
[EventDate "2017.11.13"]
[PlyCount "67"]

1.e4 e5 2.Nf3 Nc6 3.Bb5 a6 4.Ba4 Nf6 5.O-O Be7 6.Re1 b5 7.Bb3 d6 8.c3 O-O 
9.d4 Bg4 10.Be3 d5 11.exd5 Nxd5 12.dxe5 Nxe3 13.Rxe3 Bc5 14.Re1 Qb8 15.
Nbd2 Qb6 16.Re2 Rad8 17.Qe1 Rfe8 18.h3 Bf5 19.Ng5 Re7 20.Nde4 Bxe4 21.Rxe4
Nxe5 22.Rxe5 Bxf2+ 23.Qxf2 Qxf2+ 24.Kxf2 Rxe5 25.Bxf7+ Kh8 26.Nf3 Rf5 27.
Bb3 Rd2+ 28.Kg3 Rxb2 29.Re1 h6 30.Re8+ Kh7 31.Bg8+ Kg6 32.Nh4+ Kg5 33.Nxf5
Kxf5 34.Rc8 1-0

[Event "56th World U20 ch"]
[Site "Tarvisio ITA"]
[Date "2017.11.13"]
[Round "1.44"]
[White "Doluweera, Minul Sanjula"]
[Black "Dragnev, Valentin"]
[Result "1-0"]
[WhiteElo "2154"]
[BlackElo "2461"]
[EventDate "2017.11.13"]
[PlyCount "79"]

1.d4 Nf6 2.Nf3 b6 3.c4 Bb7 4.Nc3 g6 5.d5 Bg7 6.e4 d6 7.Be2 Na6 8.Be3 Nc5 
9.Qc2 a5 10.O-O O-O 11.Nd2 Nfd7 12.Rab1 e6 13.b3 c6 14.a3 cxd5 15.exd5 
exd5 16.Nxd5 Rc8 17.b4 axb4 18.axb4 Ne6 19.Qd1 b5 20.Ne4 bxc4 21.Nxd6 Bxd5
22.Qxd5 Nb6 23.Bxb6 Qxb6 24.Nxc8 Rxc8 25.Bxc4 Bd4 26.Qb5 Qc7 27.Bxe6 fxe6 
28.Qe2 e5 29.Qe4 Kg7 30.b5 Rf8 31.Qc6 Qxc6 32.bxc6 Rc8 33.Rfc1 Kf6 34.Rb7 
h5 35.c7 Ke7 36.Rb8 Kd7 37.Rxc8 Kxc8 38.h4 e4 39.Rc4 Bf6 40.g3 1-0

[Event "56th World U20 ch"]
[Site "Tarvisio ITA"]
[Date "2017.11.13"]
[Round "1.45"]
[White "Kobo, Ori"]
[Black "Miciano, John Marvin"]
[Result "1-0"]
[WhiteElo "2460"]
[BlackElo "2151"]
[EventDate "2017.11.13"]
[PlyCount "103"]

1.Nf3 g6 2.e4 Bg7 3.d4 d6 4.c4 Nf6 5.Nc3 O-O 6.Be2 e5 7.d5 a5 8.h3 Nh5 9.
g3 f5 10.exf5 gxf5 11.Bg5 Qe8 12.Nh4 Nf6 13.Qc2 Na6 14.O-O-O Nc5 15.Nb5 
Qd7 16.Be3 Nfe4 17.Rhg1 Qe7 18.f3 Ng5 19.Nxc7 Qxc7 20.Bxg5 Bd7 21.g4 f4 
22.Nf5 Bxf5 23.gxf5 Kh8 24.Rg4 Qd7 25.Rdg1 Rxf5 26.Bh4 Rf7 27.Bf2 b6 28.
Rh4 Bf6 29.Rh6 Qe7 30.Bxc5 bxc5 31.Qe4 Rg7 32.Rg4 Rxg4 33.hxg4 Qg7 34.g5 
Bxg5 35.Rxd6 Rd8 36.Re6 Bh4 37.Kc2 Bf2 38.Rxe5 Bd4 39.Re7 Qg6 40.Bd3 Qxe4 
41.Bxe4 Bg7 42.d6 h6 43.d7 Bf6 44.Rh7+ Kg8 45.Rxh6 Kg7 46.Rh7+ Kf8 47.b3 
Bg7 48.Bf5 Kg8 49.Rh4 Kf7 50.Rxf4 Be5 51.Rh4 Kf6 52.Bg4 1-0

[Event "56th World U20 ch"]
[Site "Tarvisio ITA"]
[Date "2017.11.13"]
[Round "1.46"]
[White "Thilakarathne, G. M. H."]
[Black "Bilguun, Sumiya"]
[Result "1/2-1/2"]
[WhiteElo "2141"]
[BlackElo "2460"]
[EventDate "2017.11.13"]
[PlyCount "96"]

1.e4 c5 2.Nf3 e6 3.d4 cxd4 4.Nxd4 a6 5.Bd3 Qc7 6.O-O Nf6 7.Qe2 d6 8.c4 g6 
9.Nc3 Bg7 10.Rd1 O-O 11.Be3 b6 12.Rac1 Bb7 13.f3 Nbd7 14.Qf2 Rac8 15.Bf1 
Qb8 16.b4 Rfe8 17.Nb3 Ba8 18.h3 Bf8 19.a3 Be7 20.Qd2 Ne5 21.Na4 Nfd7 22.
Nb2 Nf8 23.Kh1 f5 24.exf5 gxf5 25.Qf2 Nfg6 26.f4 Nd7 27.Kg1 Nf6 28.Nd2 b5 
29.Be2 Ne4 30.Nxe4 Bxe4 31.Bf3 Bh4 32.Qe2 d5 33.Bxe4 dxe4 34.Rd7 Red8 35.
Rcd1 Rxd7 36.Rxd7 Rd8 37.Qd2 Qc8 38.Rxd8+ Bxd8 39.cxb5 axb5 40.a4 Ne7 41.
axb5 Nd5 42.Bc5 Qb8 43.Nc4 Qxb5 44.Ne3 Qc6 45.Nxd5 exd5 46.Kf2 Kf7 47.Ke3 
Ke6 48.g4 Qd7 1/2-1/2

[Event "56th World U20 ch"]
[Site "Tarvisio ITA"]
[Date "2017.11.13"]
[Round "1.47"]
[White "Harsha, Bharathakoti"]
[Black "De Vleeschauwer, Maarten"]
[Result "1-0"]
[WhiteElo "2445"]
[BlackElo "2139"]
[EventDate "2017.11.13"]
[PlyCount "53"]

1.c4 Nf6 2.Nc3 c5 3.Nf3 g6 4.e4 Bg7 5.d4 cxd4 6.Nxd4 d6 7.Be2 O-O 8.O-O a6
9.Be3 b6 10.f4 e5 11.Nb3 Nc6 12.f5 Bb7 13.g4 h6 14.Qd2 Kh7 15.Rad1 gxf5 
16.exf5 Rg8 17.h3 Bf8 18.Bf3 Qd7 19.Nd5 Nxd5 20.Bxd5 Re8 21.Be4 f6 22.Bd5 
Rg7 23.Kh2 h5 24.gxh5 Ne7 25.h6 Nxd5 26.hxg7 Nxe3 27.gxf8=N+ 1-0

[Event "56th World U20 ch"]
[Site "Tarvisio ITA"]
[Date "2017.11.13"]
[Round "1.48"]
[White "Schweighoffer, Martin"]
[Black "Kevlishvili, Robby"]
[Result "0-1"]
[WhiteElo "2123"]
[BlackElo "2445"]
[EventDate "2017.11.13"]
[PlyCount "80"]

1.e4 c5 2.Nc3 d6 3.g3 g6 4.Bg2 Bg7 5.d3 Nc6 6.Be3 e6 7.Qd2 h5 8.Nge2 Nd4 
9.O-O Ne7 10.Nc1 b6 11.Nd1 Bb7 12.c3 Ndc6 13.Rb1 d5 14.exd5 Nxd5 15.Bg5 
Qd7 16.Ne3 Nde7 17.Nc4 Nf5 18.Nb3 h4 19.g4 h3 20.Bh1 Nfe7 21.Qf4 e5 22.Qg3
f6 23.Bd2 g5 24.d4 cxd4 25.cxd4 Nxd4 26.Nxd4 Bxh1 27.Nb5 Bd5 28.Ncd6+ Kf8 
29.Bb4 Kg8 30.Nc3 Rh4 31.Nxd5 Nxd5 32.Nf5 Nxb4 33.Nxh4 gxh4 34.Qxh4 Nc2 
35.Qxh3 Nd4 36.Qg2 Rc8 37.Rfe1 Bh6 38.Qe4 Kg7 39.Rbd1 Rh8 40.h4 Bf4 0-1

[Event "56th World U20 ch"]
[Site "Tarvisio ITA"]
[Date "2017.11.13"]
[Round "1.49"]
[White "Lobanov, Sergei"]
[Black "De Block, Yordi"]
[Result "1-0"]
[WhiteElo "2435"]
[BlackElo "2119"]
[EventDate "2017.11.13"]
[PlyCount "71"]

1.e4 e5 2.Nf3 Nf6 3.d4 Nxe4 4.Bd3 d5 5.dxe5 Nc5 6.Be2 Be7 7.Be3 Nc6 8.Nc3 
Be6 9.O-O a6 10.a3 h6 11.Qe1 Nd7 12.Rd1 Ndxe5 13.Nxe5 Nxe5 14.f4 Ng4 15.
Bxg4 Bxg4 16.Rxd5 Bd6 17.Bc5+ Kf8 18.Bxd6+ cxd6 19.f5 Bh5 20.Qe3 f6 21.Qd4
Qc7 22.Re1 Re8 23.Rxe8+ Bxe8 24.Rxd6 Kg8 25.Qb6 Qxb6+ 26.Rxb6 Bc6 27.Ne2 
Kh7 28.Nd4 Be4 29.Re6 Bd5 30.Rd6 Be4 31.Kf2 Rc8 32.c3 h5 33.Rd7 Rc5 34.
Rxg7+ Kh8 35.Rf7 Bxf5 36.Rxb7 1-0

[Event "56th World U20 ch"]
[Site "Tarvisio ITA"]
[Date "2017.11.13"]
[Round "1.50"]
[White "Bezuidenhout, Roland"]
[Black "Schoppen, Casper"]
[Result "1-0"]
[WhiteElo "2118"]
[BlackElo "2432"]
[EventDate "2017.11.13"]
[PlyCount "83"]

1.Nf3 e6 2.g3 Nf6 3.Bg2 b6 4.O-O Bb7 5.c4 Be7 6.Nc3 O-O 7.Re1 d5 8.cxd5 
exd5 9.d4 c5 10.e3 Nbd7 11.b3 Re8 12.Bb2 Ne4 13.Nxe4 dxe4 14.Nd2 Bf8 15.
Qc2 Qe7 16.Rad1 Rac8 17.Qb1 f5 18.Bf1 a6 19.Nc4 b5 20.Na5 Ba8 21.dxc5 Nxc5
22.Ba3 Qf6 23.Bxc5 Rxc5 24.b4 Rce5 25.a4 Kh8 26.axb5 axb5 27.Rd4 g5 28.Nb3
f4 29.Qc1 Rf5 30.Bh3 fxe3 31.fxe3 Rf3 32.Bg2 Bg7 33.Rd7 Rf8 34.Nd4 h5 35.
Bxf3 exf3 36.Kf2 Be4 37.Qc3 h4 38.Rh1 Qh6 39.g4 Be5 40.Qc5 Bg3+ 41.hxg3 
hxg3+ 42.Kxg3 1-0

[Event "56th World U20 ch"]
[Site "Tarvisio ITA"]
[Date "2017.11.13"]
[Round "1.51"]
[White "Zhu Yi"]
[Black "Lumachi, Gabriele"]
[Result "1-0"]
[WhiteElo "2432"]
[BlackElo "2111"]
[EventDate "2017.11.13"]
[PlyCount "61"]

1.Nf3 d5 2.g3 Nc6 3.d4 Bg4 4.Bg2 Qd7 5.Nc3 O-O-O 6.h3 Bh5 7.Bf4 e6 8.Qd2 
f6 9.g4 Bg6 10.Nh4 Bf7 11.Bg3 Bd6 12.Bxd6 Qxd6 13.O-O-O g5 14.Nf3 Nge7 15.
h4 h6 16.Kb1 Bg6 17.e3 Rdg8 18.h5 Bh7 19.Ka1 f5 20.gxf5 exf5 21.Ne5 Nxe5 
22.dxe5 Qxe5 23.f4 Qd6 24.Bxd5 Rd8 25.Qg2 Nxd5 26.Rxd5 Qc6 27.Rhd1 g4 28.
R1d3 Rxd5 29.Nxd5 Qe6 30.Qd2 Kb8 31.Qa5 {...} 1-0